[Event "Sparkassen-Open B"]
[Site "Heusenstamm, Martinsee"]
[Date "2025.11.21"]
[Round "2.67"]
[White "Kollmer, Otto"]
[Black "Riazi, Dominik"]
[Result "0-1"]
[WhiteElo "1475"]
[BlackElo "1652"]
[PlyCount "64"]
[EventDate "2025.11.20"]
[WhiteTeam "VSG 1880 Offenbach"]
[BlackTeam "SK Bad Homburg 1927"]

1. e4 e5 2. Nf3 Nc6 3. Bc4 Nf6 4. Ng5 d5 5. exd5 Na5 6. Bb5+ Bd7 7. Bxd7+ Qxd7 8. d3 Qxd5 9. Qf3 Qd7 10. O-O h6 11. Ne4 Be7 12. Qg3 Nxe4 13. dxe4 Bf6 14. Nc3 O-O-O 15. b3 Nc6 16. Be3 Nd4 17. Bxd4 exd4 18. Nd5 Qc6 19. Qg4+ Kb8 20. Qe2 d3 21. cxd3 Bxa1 22. Rxa1 Qd6 23. Rd1 f5 24. f3 fxe4 25. dxe4 c6 26. Ne3 Qc5 27. Rf1 Rd7 28. Kh1 Rhd8 29. Rd1 Rxd1+ 30. Nxd1 Qc1 31. Kg1 Qxd1+ 32. Kf2 Rd2 0-1

[Event "Sparkassen-Open B"]
[Site "Heusenstamm, Martinsee"]
[Date "2025.11.21"]
[Round "2.68"]
[White "Hüttinger, Siegfried"]
[Black "Sharma, Aarav"]
[Result "1/2-1/2"]
[WhiteElo "1650"]
[BlackElo "1461"]
[PlyCount "91"]
[EventDate "2025.11.20"]
[WhiteTeam "SC Königsspringer Alzenau e.V"]
[BlackTeam "SAbt TuS Makkabi Ffm"]

1. Nf3 d5 2. b3 Nf6 3. Bb2 Nc6 4. e3 Bf5 5. c4 e6 6. d4 Bd6 7. c5 Be7 8. a3 a5 9. Bb5 O-O 10. Bxc6 bxc6 11. Ne5 Qe8 12. Nc3 Ne4 13. Nxe4 Bxe4 14. f3 Bg6 15. O-O f6 16. Nd3 Rb8 17. Nf4 Bd8 18. Bc3 Ra8 19. Qd2 e5 20. Nxg6 hxg6 21. Bxa5 e4 22. Bc3 f5 23. Bb2 g5 24. fxe4 Qxe4 25. g3 g4 26. Rf4 Qe6 27. Qd3 Bg5 28. Rff1 Bxe3+ 29. Kg2 Bg5 30. Rae1 Qg6 31. Re5 Rae8 32. Rfxf5 Rxf5 33. Rxe8+ Qxe8 34. Qxf5 Qe2+ 35. Qf2 Qe4+ 36. Kf1 Qd3+ 37. Qe2 Qxb3 38. Qxg4 Qxb2 39. Qxg5 Qxa3 40. Qd8+ Kh7 41. Qxc7 Qf3+ 42. Ke1 Qe3+ 43. Kf1 Qf3+ 44. Ke1 Qe3+ 45. Kf1 Qf3+ 46. Ke1 1/2-1/2

[Event "Sparkassen-Open B"]
[Site "Heusenstamm, Martinsee"]
[Date "2025.11.21"]
[Round "2.69"]
[White "Caspers, Nicolai"]
[Black "Jung, Heinz"]
[Result "1/2-1/2"]
[WhiteElo "1457"]
[BlackElo "1649"]
[PlyCount "87"]
[EventDate "2025.11.20"]
[WhiteTeam "Mönchengladbacher SV 1"]
[BlackTeam "SC 1952 Obertshausen"]

1. e4 e5 2. Nc3 Bc5 3. Nf3 Nc6 4. Nxe5 Bxf2+ 5. Kxf2 Nxe5 6. d4 Ng6 7. Bc4 d6 8. Rf1 Be6 9. Bxe6 fxe6 10. Kg1 Nf6 11. Qf3 O-O 12. Bd2 c6 13. Rad1 e5 14. dxe5 Nxe5 15. Qe2 Qb6+ 16. Kh1 Qxb2 17. Rc1 Qb6 18. Rb1 Qc7 19. Bg5 Rae8 20. Bxf6 Rxf6 21. Rxf6 gxf6 22. Qe3 b6 23. Qg3+ Qg7 24. Qh4 Ng6 25. Qg3 Re5 26. Rd1 Qe7 27. Qd3 d5 28. Qa6 Qc7 29. exd5 cxd5 30. Nxd5 Qc6 31. c4 Kf7 32. Qxa7+ Ne7 33. Nxe7 Rxe7 34. Qa3 Re2 35. Qh3 Qe4 36. Qg3 Qxc4 37. Rd7+ Re7 38. Rxe7+ Kxe7 39. Qe3+ Qe6 40. Qa3+ Kf7 41. h3 Qe1+ 42. Kh2 Qe5+ 43. Kh1 Qa5 44. Qb3+ 1/2-1/2

[Event "Sparkassen-Open B"]
[Site "Heusenstamm, Martinsee"]
[Date "2025.11.21"]
[Round "2.70"]
[White "Niesel, Sebastian"]
[Black "Huebner, Dominik"]
[Result "0-1"]
[WhiteElo "1649"]
[BlackElo "1456"]
[PlyCount "62"]
[EventDate "2025.11.20"]
[WhiteTeam "SV 1934 Ffm-Griesheim (V)"]
[BlackTeam "Aschaffenburg"]

1. e4 c5 2. c3 d5 3. exd5 Nf6 4. d4 cxd4 5. cxd4 Bg4 6. Nf3 Nxd5 7. Bb5+ Nc6 8. O-O e6 9. Nc3 Be7 10. Qd3 O-O 11. a3 Bxf3 12. gxf3 Bg5 13. Kh1 Nf4 14. Bxf4 Bxf4 15. Qe4 Qh4 16. Qxf4 Qxf4 17. Rg1 Nxd4 18. Bd3 Nxf3 19. Rg2 Nh4 20. Rg3 Qxf2 21. Rag1 g6 22. Ne4 Qd4 23. Ng5 Nf5 24. Rh3 Qxb2 25. Nxh7 Rfd8 26. Be4 Rac8 27. Bxf5 exf5 28. Ng5 Rc1 29. Rhg3 Rxg1+ 30. Rxg1 Rd2 31. Nf3 Rf2 0-1

[Event "Sparkassen-Open B"]
[Site "Heusenstamm, Martinsee"]
[Date "2025.11.21"]
[Round "2.72"]
[White "Schimming, Wilhelm"]
[Black "Gernertova, Lucie"]
[Result "1-0"]
[WhiteElo "1646"]
[BlackElo "1437"]
[PlyCount "65"]
[EventDate "2025.11.20"]
[WhiteTeam "SK Turm Bad Hersfeld"]
[BlackTeam "Sokol Struharov"]

1. e4 e5 2. Nf3 Nc6 3. Bc4 h6 4. c3 Bc5 5. Nxe5 Nxe5 6. d4 Bd6 7. dxe5 Bxe5 8. Qd5 Qe7 9. f4 Nf6 10. Qxe5 Qxe5 11. fxe5 Nxe4 12. Nd2 Ng5 13. O-O O-O 14. Nf3 d6 15. Nxg5 hxg5 16. Bxg5 Be6 17. Bxe6 fxe6 18. exd6 cxd6 19. Rxf8+ Rxf8 20. Be7 Re8 21. Bxd6 e5 22. Re1 e4 23. Kf2 Kf7 24. Bc5 g5 25. Ke3 Kf6 26. Kd4 b6 27. Bf8 Kf5 28. g4+ Kxg4 29. Rxe4+ Rxe4+ 30. Kxe4 Kh3 31. Bd6 Kg4 32. b4 Kh4 33. c4 1-0